Origami toys : 15 simple models

Bibliographic Details
Main Author: Takahama, Toshie
Format: Book
Published: Tokoyo : Shufunotomo , 1973
Subjects:

MARC

LEADER 00000cam a2200000 7i4500
001 0000005768
002 000006235
005 20000330.0
020 |a 4079752105 
090 0 0 |a 736.982   |b ORI 
100 1 |a Takahama, Toshie 
245 1 0 |a Origami toys :   |b 15 simple models   |c by Toshie Takahama 
260 |a Tokoyo :   |b Shufunotomo ,   |c 1973 
300 |a 32p. ;   |c 26cm. 
650 0 0 |a Origami 
999 |a 032977   |b BUKU   |c PINJAMAN   |e PERPUSTAKAAN KOMUNITI PETALING JAYA